MARC

LEADER 00000nam0a2200000 4500
001 300544
005 20231102001319.0
020 |a RU  |b 83-1587 
035 |a (RuTPU)RU\TPU\book\325697 
090 |a 300544 
100 |a 20150713d1982 km y0rusy5003 ca 
101 0 |a rus 
102 |a RU 
105 |a y z 000zy 
200 1 |a Роль кредита в управлении запасами товарно-материальных ценностей  |f Н. И. Валенцева, Е. И. Минина 
210 |a Москва  |c Финансы и статистика  |d 1982 
215 |a 104 с. 
606 1 |a Кредит  |2 stltpush  |3 (RuTPU)RU\TPU\subj\36327  |9 57748 
610 1 |a кредитные отношения 
610 1 |a товарно-материальные ценности 
610 1 |a запасы 
610 1 |a управление 
610 1 |a банковский контроль 
610 1 |a кредитные соглашения 
610 1 |a проценты 
686 |a У9(2)262.1  |2 rubbk 
700 1 |a Валенцева  |b Н. И.  |g Наталья Игоревна  |4 070 
701 1 |a Минина  |b Е. И.  |g Екатерина Ивановна  |4 070 
801 0 |a RU  |b RuMRKP  |c 19950704  |g psbo 
801 1 |a RU  |b 63413507  |c 20150713 
801 2 |a RU  |b 63413507  |c 20180614  |g RCR 
942 |c BK